MARC details
| 000 -CABECERA |
| campo de control de longitud fija |
02341nam a2200505 i 4500 |
| 001 - NÚMERO DE CONTROL |
| campo de control |
000011002 |
| 003 - IDENTIFICADOR DEL NÚMERO DE CONTROL |
| campo de control |
DO-SdBNP |
| 005 - FECHA Y HORA DE LA ÚLTIMA TRANSACCIÓN |
| campo de control |
20251120120921.0 |
| 007 - CAMPO FIJO DE DESCRIPCIÓN FÍSICA--INFORMACIÓN GENERAL |
| campo de control de longitud fija |
ta |
| 008 - DATOS DE LONGITUD FIJA--INFORMACIÓN GENERAL |
| campo de control de longitud fija |
091013s2003 mx 001 0 spa d |
| 020 ## - NÚMERO INTERNACIONAL ESTÁNDAR DEL LIBRO |
| Número Internacional Estándar del Libro |
9706135340 (colección) |
| 020 ## - NÚMERO INTERNACIONAL ESTÁNDAR DEL LIBRO |
| Número Internacional Estándar del Libro |
9706135359 (v. 1) |
| 020 ## - NÚMERO INTERNACIONAL ESTÁNDAR DEL LIBRO |
| Número Internacional Estándar del Libro |
9706135367 (v. 2) |
| 020 ## - NÚMERO INTERNACIONAL ESTÁNDAR DEL LIBRO |
| Número Internacional Estándar del Libro |
9706135375 (v. 3) |
| 020 ## - NÚMERO INTERNACIONAL ESTÁNDAR DEL LIBRO |
| Número Internacional Estándar del Libro |
9706135383 (v. 4) |
| 020 ## - NÚMERO INTERNACIONAL ESTÁNDAR DEL LIBRO |
| Número Internacional Estándar del Libro |
9706135391 (v. 5) |
| 020 ## - NÚMERO INTERNACIONAL ESTÁNDAR DEL LIBRO |
| Número Internacional Estándar del Libro |
9706135405 (v. 6) |
| 020 ## - NÚMERO INTERNACIONAL ESTÁNDAR DEL LIBRO |
| Número Internacional Estándar del Libro |
9706135413 (v. 7) |
| 020 ## - NÚMERO INTERNACIONAL ESTÁNDAR DEL LIBRO |
| Número Internacional Estándar del Libro |
9706135421 (v. 8) |
| 040 ## - FUENTE DE LA CATALOGACIÓN |
| Centro catalogador/agencia de origen |
DO-SdBNP |
| Lengua de catalogación |
spa |
| Centro/agencia transcriptor |
BNPHU |
| Normas de descripción |
rda |
| 082 ## - NÚMERO DE LA CLASIFICACIÓN DECIMAL DEWEY |
| Número de edición |
22 |
| Número de clasificación |
347 |
| Número de documento/Ítem |
B582c |
| 245 00 - MENCIÓN DE TÍTULO |
| Título |
Biblioteca clásicos del derecho |
| 264 #1 - PRODUCCIÓN, PUBLICACIÓN, DISTRIBUCIÓN, FABRICACIÓN Y COPYRIGHT |
| Producción, publicación, distribución, fabricación y copyright |
México, D.F. : |
| Nombre del de productor, editor, distribuidor, fabricante |
Oxford, |
| Fecha de producción, publicación, distribución, fabricación o copyright |
2003. |
| 300 ## - DESCRIPCIÓN FÍSICA |
| Extensión |
8 volúmenes |
| Dimensiones |
24 cm. |
| 336 ## - TIPO DE CONTENIDO |
| Fuente |
rdacontent |
| Término de tipo de contenido |
texto |
| Código de tipo de contenido |
txt |
| 337 ## - TIPO DE MEDIO |
| Fuente |
rdamedia |
| Nombre/término del tipo de medio |
sin mediación |
| Código del tipo de medio |
n |
| 338 ## - TIPO DE SOPORTE |
| Fuente |
rdacarrier |
| Nombre/término del tipo de soporte |
volumen |
| Código del tipo de soporte |
nc |
| 505 0# - NOTA DE CONTENIDO CON FORMATO |
| Información miscelánea |
v.1 -- |
| Título |
Tratado elemental de derecho civil -- |
| Mención de responsabilidad |
Julien Bonnecase / |
| Información miscelánea |
v.2 -- |
| Título |
Derecho procesal civil -- |
| Mención de responsabilidad |
Piero Calamandrei / |
| Información miscelánea |
v.3 -- |
| Título |
Derecho penal -- |
| Mención de responsabilidad |
Francesco Carrara / |
| Información miscelánea |
v.4 -- |
| Título |
Derecho procesal civil y penal -- |
| Mención de responsabilidad |
Francesco Carnelutti / |
| Información miscelánea |
v.5 -- |
| Título |
Instituciones de derecho procesal civil -- |
| Mención de responsabilidad |
Francesco Carnelutti / |
| Información miscelánea |
v.6 -- |
| Título |
Curso de derecho procesal civil -- |
| Mención de responsabilidad |
Guiseppe Chiovenda / |
| Información miscelánea |
v. 7 -- |
| Título |
Lecciones de derecho penal -- |
| Mención de responsabilidad |
Luis Jiménez de Asúa / |
| Información miscelánea |
v.8 -- |
| Título |
Derecho civil -- |
| Mención de responsabilidad |
Marcel Planiol , Georges Ripert / |
| 590 ## - NOTA LOCAL (RLIN) |
| Nota local |
Inventariado, 2024/ YL |
| 650 #4 - PUNTO DE ACCESO ADICIONAL DE MATERIA--TÉRMINO DE MATERIA |
| Término de materia o nombre geográfico como elemento de entrada |
Derecho civil |
| Subdivisión de forma |
Colecciones |
| 9 (RLIN) |
5702 |
| 650 #4 - PUNTO DE ACCESO ADICIONAL DE MATERIA--TÉRMINO DE MATERIA |
| Término de materia o nombre geográfico como elemento de entrada |
Procedimiento civil |
| Subdivisión de forma |
Colecciones |
| 9 (RLIN) |
13926 |
| 650 #4 - PUNTO DE ACCESO ADICIONAL DE MATERIA--TÉRMINO DE MATERIA |
| Término de materia o nombre geográfico como elemento de entrada |
Derecho penal |
| Subdivisión de forma |
Colecciones |
| 9 (RLIN) |
17405 |
| 650 #4 - PUNTO DE ACCESO ADICIONAL DE MATERIA--TÉRMINO DE MATERIA |
| Término de materia o nombre geográfico como elemento de entrada |
Procedimiento penal |
| Subdivisión de forma |
Colecciones |
| 9 (RLIN) |
554 |
| 700 12 - PUNTO DE ACCESO ADICIONAL--NOMBRE DE PERSONA |
| Nombre de persona |
Bonnecase, Julien |
| Título de la obra |
Tratado elemental de derecho civil |
| 9 (RLIN) |
26429 |
| 700 12 - PUNTO DE ACCESO ADICIONAL--NOMBRE DE PERSONA |
| Nombre de persona |
Calamandrei, Piero |
| Título de la obra |
Derecho procesal civil |
| 9 (RLIN) |
26430 |
| 700 12 - PUNTO DE ACCESO ADICIONAL--NOMBRE DE PERSONA |
| Nombre de persona |
Carrara, Francesco |
| Fechas asociadas al nombre |
1805-1888 |
| Título de la obra |
Derecho penal |
| 9 (RLIN) |
26431 |
| 700 12 - PUNTO DE ACCESO ADICIONAL--NOMBRE DE PERSONA |
| Nombre de persona |
Carnelutti, Francesco |
| Título de la obra |
Derecho procesal civil y penal |
| 9 (RLIN) |
26432 |
| 700 12 - PUNTO DE ACCESO ADICIONAL--NOMBRE DE PERSONA |
| Nombre de persona |
Carnelutti, Francesco |
| Título de la obra |
Instituciones de derecho procesal civil |
| 9 (RLIN) |
26433 |
| 700 12 - PUNTO DE ACCESO ADICIONAL--NOMBRE DE PERSONA |
| Nombre de persona |
Chiovenda, Guiseppe |
| Título de la obra |
Curso de derecho procesal civil |
| 9 (RLIN) |
26434 |
| 700 12 - PUNTO DE ACCESO ADICIONAL--NOMBRE DE PERSONA |
| Nombre de persona |
Jiménez de Asúa, Luis |
| Título de la obra |
Lecciones de derecho penal |
| 9 (RLIN) |
26435 |
| 700 12 - PUNTO DE ACCESO ADICIONAL--NOMBRE DE PERSONA |
| Nombre de persona |
Planiol, Marcel |
| Título de la obra |
Derecho civil |
| 9 (RLIN) |
26436 |
| 700 12 - PUNTO DE ACCESO ADICIONAL--NOMBRE DE PERSONA |
| Nombre de persona |
Ripert, Georges |
| Título de la obra |
Derecho civil |
| 9 (RLIN) |
26437 |
| 910 ## - DATOS DE OPCIÓN DEL USUARIO (OCLC) |
| Datos de opción del usuario |
Validado. Control de calidad BNPHU |
| 942 ## - ELEMENTOS DE PUNTO DE ACCESO ADICIONAL (KOHA) |
| Fuente del sistema de clasificación o colocación |
Dewey Decimal Classification |
| Tipo de ítem Koha |
Libro |